00608nam a2200181Ia 4500020001800000082002200018100002000040245006600060260004200126300001500168504001900183650004200202650003800244650006200282650003000344650003000374700002200404 a0-19-924525-8 aRR 346.04803 INT; aIlardi, Alfredo 0aInternational encyclopaedia of intellectual property treaties aOxfordbOxford University Pressc2004 axx, 1353p. aIncludes index aIntellectual property - Encyclopedias aInternational law - Encyclopedias aIntellectual property (International law) - Encyclopedias aCopyright - Encyclopedias aCommercial property right aBlakeney, Michael